[Event "St. Andrew's Masters 2019"]
[Site "Dublin IRL"]
[Date "2019.09.21"]
[Round "3.1"]
[White "Daly, Colm"]
[Black "Kanyamarala, Tarun"]
[Result "1/2-1/2"]
[WhiteTitle "FM"]
[WhiteElo "2234"]
[BlackElo "2229"]
[WhiteICU "2212"]
[BlackICU "2160"]
[WhiteClub "Bray"]
[BlackClub "Balbriggan"]
[WhiteNationality "IRL"]
[BlackNationality "IRL"]
[WhiteFideId "2500434"]
[BlackFideId "45004714"]
[PlyCount "89"]
[EventDate "2019.09.20"]
[Source "Live boards"]

{ Event information: <a
href="http://www.irlchess.com/standrews2019_allfiles/pairings_standrews2019.html">Tournament
report</a>. }

1. Nf3 d5 2. e3 Nf6 3. c4 e6 4. b3 c5 5. Bb2 Nc6 6. cxd5 exd5 7. Bb5 Bd6 8.
d4 cxd4 9. Nxd4 O-O 10. Nc3 Qc7 11. Rc1 Bd7 12. Be2 Nxd4 13. Qxd4 Be5 14.
Qd3 Bc6 15. f4 Bd6 16. O-O Qe7 17. Bf3 Rfe8 18. Rce1 Bb4 19. Re2 Qd7 20.
Rd1 Rad8 21. a3 Bf8 22. b4 Ne4 23. Bxe4 dxe4 24. Qxd7 Rxd7 25. Red2 Rxd2
26. Rxd2 a6 27. Kf2 Rc8 28. Ke2 f5 29. Kd1 Kf7 30. Ke1 g6 31. Ne2 Bb5 32.
Nd4 Bd3 33. Rd1 Bg7 34. Rc1 Rxc1+ 35. Bxc1 Bxd4 36. exd4 Ke6 37. Kd2 Kd5
38. Kc3 Bf1 39. g3 e3 40. Bxe3 Ke4 41. Kd2 Bc4 42. Bf2 Kf3 43. Be1 Ke4 44.
Bf2 Kf3 45. Be1 1/2-1/2

[Event "St. Andrew's Masters 2019"]
[Site "Dublin IRL"]
[Date "2019.09.21"]
[Round "3.2"]
[White "O'Gorman, Tom"]
[Black "Kanyamarala, Trisha"]
[Result "1-0"]
[WhiteTitle "FM"]
[WhiteElo "2208"]
[BlackElo "2138"]
[WhiteICU "2204"]
[BlackICU "2123"]
[WhiteClub "Dun Laoghaire"]
[BlackClub "Balbriggan"]
[WhiteNationality "IRL"]
[BlackNationality "IRL"]
[WhiteFideId "2508249"]
[BlackFideId "45004722"]
[PlyCount "165"]
[EventDate "2019.09.20"]
[Source "Live boards"]

{ Event information: <a
href="http://www.irlchess.com/standrews2019_allfiles/pairings_standrews2019.html">Tournament
report</a>. }

1. e4 c5 2. Nf3 d6 3. c3 Nf6 4. Be2 Bd7 5. e5 dxe5 6. Nxe5 Nc6 7. d4 cxd4
8. cxd4 e6 9. Nc3 Be7 10. O-O O-O 11. Bf3 Rc8 12. Be3 a6 13. Re1 Qc7 14.
Nxd7 Qxd7 15. d5 exd5 16. Nxd5 Nxd5 17. Qxd5 Qxd5 18. Bxd5 Bf6 19. Rac1
Bxb2 20. Rb1 Ba3 21. Rxb7 Nb4 22. Bb3 Nc2 23. Rd1 Nxe3 24. fxe3 Bc5 25. Kf2
Rc6 26. Rdd7 Rf6+ 27. Ke2 g6 28. Rdc7 Ba3 29. e4 Rf4 30. Ke3 Rf1 31. Bc4
Bc1+ 32. Ke2 Rf4 33. Bd5 Ba3 34. Rb6 a5 35. g3 Rg4 36. Rbb7 Kg7 37. Rxf7+
Rxf7 38. Rxf7+ Kh6 39. Ra7 Bb4 40. Kf3 Rg5 41. Bg8 Rc5 42. h4 g5 43. Rxh7+
Kg6 44. h5+ Kf6 45. Rf7+ Ke5 46. Rf5+ Kd6 47. Rxc5 Bxc5 48. h6 Bd4 49. h7
Ke7 50. Kg4 Bf6 51. Kf5 Bh8 52. Kxg5 Kd6 53. Kg6 Ke7 54. a4 Bd4 55. Kf5 Kd6
56. g4 Bh8 57. Bd5 Bd4 58. g5 Bh8 59. Kg6 Ke7 60. Kh6 Kf8 61. Bc4 Bd4 62.
Bb5 Bc3 63. g6 Bf6 64. Bc6 Bg7+ 65. Kg5 Ke7 66. Kf5 Kd6 67. Bb5 Bc3 68. g7
Bxg7 69. Kg6 Bh8 70. Kf7 Ke5 71. Kg8 Bf6 72. h8=Q Bxh8 73. Kxh8 Kxe4 74.
Kg7 Ke5 75. Kf7 Kd6 76. Ke8 Kc7 77. Ke7 Kb6 78. Kd6 Kb7 79. Kc5 Kc7 80. Bc6
Kb8 81. Kb6 Kc8 82. Kxa5 Kc7 83. Bh1 1-0

[Event "St. Andrew's Masters 2019"]
[Site "Dublin IRL"]
[Date "2019.09.21"]
[Round "3.3"]
[White "Freeman, Gordon"]
[Black "Brady, Stephen"]
[Result "0-1"]
[BlackTitle "FM"]
[WhiteElo "2113"]
[BlackElo "2304"]
[WhiteICU "2083"]
[BlackICU "2281"]
[WhiteClub "Gonzaga"]
[BlackClub "St. Benildus"]
[WhiteNationality "IRL"]
[BlackNationality "IRL"]
[WhiteFideId "2501309"]
[BlackFideId "2500124"]
[PlyCount "82"]
[EventDate "2019.09.20"]
[Source "Live boards"]

{ Event information: <a
href="http://www.irlchess.com/standrews2019_allfiles/pairings_standrews2019.html">Tournament
report</a>. }

1. Nf3 Nf6 2. d4 e6 3. Bg5 c5 4. e3 b6 5. d5 exd5 6. Nc3 Be7 7. Nxd5 Bb7 8.
Bxf6 Bxf6 9. c3 O-O 10. Bc4 Nc6 11. Nxf6+ Qxf6 12. Qxd7 Na5 13. Be2 Qg6 14.
Rd1 Bc6 15. Qh3 Rad8 16. O-O Qc2 17. Rxd8 Rxd8 18. Qh4 Re8 19. Bd1 Qxb2 20.
Ng5 Qxc3 21. Qxh7+ Kf8 22. Qh5 g6 23. Qh4 Bb5 24. Ba4 Bxf1 25. Nh7+ Kg7 26.
Bxe8 Qa1 27. Qf6+ Qxf6 28. Nxf6 Bxg2 29. Kxg2 Kxf6 30. f4 Nc4 31. e4 Ke7
32. Bc6 Ne3+ 33. Kf3 Nc2 34. Bd5 b5 35. e5 Nb4 36. Bb7 Nxa2 37. h4 a5 38.
f5 a4 39. e6 Nc3 40. Kf4 a3 41. Ke5 gxf5 0-1

[Event "St. Andrew's Masters 2019"]
[Site "Dublin IRL"]
[Date "2019.09.21"]
[Round "3.4"]
[White "Healy, John"]
[Black "O'Donnell, Conor"]
[Result "0-1"]
[BlackTitle "FM"]
[WhiteElo "1907"]
[BlackElo "2321"]
[WhiteICU "1841"]
[BlackICU "2308"]
[WhiteClub "St. Benildus"]
[BlackClub "Gonzaga"]
[WhiteNationality "IRL"]
[BlackNationality "IRL"]
[WhiteFideId "2500965"]
[BlackFideId "2504243"]
[PlyCount "46"]
[EventDate "2019.09.20"]
[Source "Live boards"]

{ Event information: <a
href="http://www.irlchess.com/standrews2019_allfiles/pairings_standrews2019.html">Tournament
report</a>. }

1. e4 e5 2. Nf3 d6 3. d4 exd4 4. Nxd4 Nf6 5. Nc3 Be7 6. Be2 O-O 7. O-O Re8
8. Bg5 Nxe4 9. Bxe7 Rxe7 10. Nd5 Re8 11. Bd3 c6 12. Ne3 Qf6 13. c3 d5 14.
Qc2 g6 15. Rae1 Qg7 16. f3 Nd6 17. Re2 Nd7 18. Rfe1 Nf8 19. Nxd5 $4 (19.
Qa4 $15) 19... Rxe2 $19 20. Qxe2 cxd5 21. Qe7 Nc4 22. b3 Nb6 23. Qc7 Ne6
0-1

[Event "St. Andrew's Masters 2019"]
[Site "Dublin IRL"]
[Date "2019.09.21"]
[Round "3.5"]
[White "Venkatesan, Kavin"]
[Black "Flynn, Jacob"]
[Result "0-1"]
[WhiteElo "1803"]
[BlackElo "2018"]
[WhiteICU "1750"]
[BlackICU "2038"]
[WhiteClub "St. Benildus"]
[BlackClub "Malahide"]
[WhiteNationality "IRL"]
[BlackNationality "IRL"]
[WhiteFideId "2512602"]
[BlackFideId "2509393"]
[PlyCount "102"]
[EventDate "2019.09.20"]
[Source "Live boards"]

{ Event information: <a
href="http://www.irlchess.com/standrews2019_allfiles/pairings_standrews2019.html">Tournament
report</a>. }

1. d4 Nf6 2. c4 c5 3. d5 e6 4. Nc3 exd5 5. cxd5 d6 6. Nf3 a6 7. a4 g6 8.
Nd2 Bg7 9. Nc4 O-O 10. Bf4 Ne8 11. Qd2 f5 12. h4 b6 13. h5 Ra7 14. hxg6
hxg6 15. Qe3 Rd7 16. Qe6+ Rdf7 17. Qxg6 Rf6 18. Qh5 Bd7 19. Bg5 b5 20. axb5
axb5 21. Nd2 Qb6 22. Bxf6 Nxf6 23. Qf3 Na6 24. g3 Ng4 25. Bh3 Nb4 26. Kf1
c4 27. Rc1 Bh6 28. Ncb1 Qd4 29. e3 Qxb2 30. Rc3 Bg7 31. Ra3 Nd3 32. Rxd3
cxd3 33. Bxg4 fxg4 34. Qe4 Qf6 35. Qh7+ Kf7 36. Qxd3 Ke7 37. Rh2 b4 38. Qb3
Rb8 39. Kg2 Qg6 40. Rh1 Bf5 41. Qc4 Rb7 42. Rc1 b3 43. e4 b2 44. Rc2 Bd7
45. Na3 Qh6 46. Ndb1 Rb8 47. Kf1 Qh1+ 48. Ke2 Qf3+ 49. Ke1 Rh8 50. Nd2 Rh1+
51. Nf1 Qxa3 0-1

[Event "St. Andrew's Masters 2019"]
[Site "Dublin IRL"]
[Date "2019.09.21"]
[Round "3.6"]
[White "Putar, Leon"]
[Black "Carroll, Peter"]
[Result "1/2-1/2"]
[WhiteElo "1744"]
[BlackElo "2100"]
[WhiteICU "1776"]
[BlackICU "2106"]
[BlackClub "Gonzaga"]
[WhiteNationality "IRL"]
[BlackNationality "IRL"]
[WhiteFideId "14546612"]
[BlackFideId "2510243"]
[PlyCount "139"]
[EventDate "2019.09.20"]
[Source "Live boards"]

{ Event information: <a
href="http://www.irlchess.com/standrews2019_allfiles/pairings_standrews2019.html">Tournament
report</a>. }

1. e4 c5 2. Nf3 d6 3. c3 Nf6 4. Qc2 Nc6 5. d4 cxd4 6. cxd4 d5 7. e5 Ne4 8.
Nc3 Qa5 9. Be2 Bf5 10. Qb3 Qb4 11. O-O e6 12. Be3 Be7 13. Qxb4 Bxb4 14.
Nxe4 dxe4 15. Nh4 O-O 16. Nxf5 exf5 17. a3 Ba5 18. Rfd1 Rfd8 19. Bb5 f4 20.
Bxc6 fxe3 21. Bb5 Bd2 22. Kf1 Rxd4 23. fxe3 Bxe3 24. Ke2 Rxd1 25. Rxd1 Bf4
26. e6 fxe6 27. Bc4 Kf7 28. Rd7+ Kf6 29. g3 Bc1 30. Rxb7 Rd8 31. Rxa7 Rd2+
32. Ke1 Rxb2 33. Ra6 Ke5 34. Bxe6 Kd4 35. Bf5 g6 36. Ra4+ Ke3 37. Bxe4 Rxh2
38. Kd1 Bxa3 39. Bxg6 Rh1+ 40. Kc2 Rc1+ 41. Kb3 hxg6 42. Rg4 Bc5 43. Rxg6
Kd3 44. Kb2 $2 (44. Rh6 $1 { is the only move to draw, though this is far
from obvious: } 44... Rc4 45. Rh4 $1 $10 (45. g4 { also draws after } 45...
Rb4+ 46. Ka2 Kc2 47. Rh2+ { . })) 44... Rh1 $2 (44... Rc4 $1 $19) 45. Rc6
Bd4+ 46. Ka3 Rb1 47. g4 Bc3 48. g5 Rb5 49. g6 Kc2 50. Ra6 Rb1 51. Ka4 Rb4+
52. Ka3 $2 (52. Ka5 $1 $10) 52... Rg4 $2 (52... Rc4 $3 { is the only move
to win. }) 53. Rc6 Rg1 54. Ka4 Rg5 55. Ra6 Rg4+ 56. Kb5 Kb3 57. Re6 Rg5+
58. Kc6 Kc4 59. Kd7 Kd5 60. Ke7 Rf5 61. Rb6 Kc5 62. Re6 Bd4 63. Re4 Kd5 64.
Rxd4+ Kxd4 65. g7 Rg5 66. Kf7 Rf5+ 67. Kg6 Rf1 68. g8=Q Rg1+ 69. Kf7 Rxg8
70. Kxg8 1/2-1/2

[Event "St. Andrew's Masters 2019"]
[Site "Dublin IRL"]
[Date "2019.09.21"]
[Round "3.7"]
[White "Moran, Darragh"]
[Black "Haque, Muhtarim-Ul"]
[Result "1/2-1/2"]
[WhiteElo "1888"]
[BlackElo "2085"]
[WhiteICU "1860"]
[BlackICU "2077"]
[WhiteClub "Gonzaga"]
[BlackClub "Rathmines Juniors"]
[WhiteNationality "IRL"]
[BlackNationality "IRL"]
[WhiteFideId "2510294"]
[BlackFideId "2509415"]
[PlyCount "106"]
[EventDate "2019.09.20"]
[Source "Live boards"]

{ Event information: <a
href="http://www.irlchess.com/standrews2019_allfiles/pairings_standrews2019.html">Tournament
report</a>. }

1. d4 e6 2. c4 d5 3. Nc3 c5 4. cxd5 exd5 5. Nf3 Nc6 6. g3 c4 7. Bg2 Bb4 8.
O-O Nge7 9. e4 dxe4 10. Nxe4 O-O 11. Qc2 Bf5 12. Nh4 Bg6 13. Nxg6 hxg6 14.
Qxc4 Qxd4 15. Qxd4 Nxd4 16. a3 Ba5 17. b4 Bb6 18. Nd6 Ne2+ 19. Kh1 Rad8 20.
Nxb7 Rd3 21. Nc5 Rc3 22. Nd7 Rd8 23. Nxb6 axb6 24. Be3 b5 25. Rfe1 Rc2 26.
Bf1 Nc3 27. Rac1 Rxc1 28. Rxc1 Ned5 29. Bd4 Ne4 30. Bc5 Nec3 31. Re1 Ra8
32. Ra1 Nf6 33. Bd4 Nfd5 34. Bg2 Ra6 35. Bf3 f5 36. Kg2 g5 37. Bd1 Kh7 38.
Bc2 g6 39. Bb3 g4 40. Bxc3 Nxc3 41. Rc1 Ne4 42. Bd5 Ng5 43. Rc3 Nh3 44. f4
Rd6 45. Rc5 Ra6 46. Rc3 Rd6 47. Rd3 Kg7 48. Bc4 Rc6 49. Bxb5 Rc1 50. Rd7+
Kf6 51. Bf1 Rc2+ 52. Kh1 Rc1 53. Kg2 Rc2+ 1/2-1/2

[Event "St. Andrew's Masters 2019"]
[Site "Dublin IRL"]
[Date "2019.09.21"]
[Round "3.8"]
[White "Peoples, Jonathon"]
[Black "Scallan, Fiachra"]
[Result "1/2-1/2"]
[WhiteElo "1931"]
[BlackElo "1818"]
[WhiteICU "1834"]
[BlackICU "1850"]
[WhiteClub "U.C.D."]
[BlackClub "Rathmines Juniors"]
[WhiteNationality "IRL"]
[BlackNationality "IRL"]
[WhiteFideId "2509520"]
[BlackFideId "2507528"]
[PlyCount "47"]
[EventDate "2019.09.20"]
[Source "Live boards"]

{ Event information: <a
href="http://www.irlchess.com/standrews2019_allfiles/pairings_standrews2019.html">Tournament
report</a>. }

1. d4 d5 2. c4 e6 3. Nc3 Nf6 4. cxd5 Nxd5 5. e4 Nxc3 6. bxc3 c5 7. Nf3 cxd4
8. cxd4 Bb4+ 9. Bd2 Bxd2+ 10. Qxd2 O-O 11. Be2 Nd7 12. O-O Nf6 13. Bd3 b6
14. a4 Bb7 15. Rfe1 Qd7 16. a5 bxa5 17. Qxa5 Rfc8 18. Rab1 Qc7 19. Qa3 Qc3
20. Rb3 Qc7 21. Rbb1 Bc6 22. Ne5 Nd7 23. Nxc6 Qxc6 24. Rec1 1/2-1/2

[Event "St. Andrew's Masters 2019"]
[Site "Dublin IRL"]
[Date "2019.09.21"]
[Round "3.9"]
[White "McMorrow, John"]
[Black "Zelenchuk, Daniil"]
[Result "1-0"]
[WhiteElo "2018"]
[BlackElo "2031"]
[WhiteICU "2026"]
[BlackICU "2104"]
[WhiteClub "Gonzaga"]
[BlackClub "Strand C.C."]
[WhiteNationality "IRL"]
[BlackNationality "IRL"]
[WhiteFideId "2501481"]
[BlackFideId "2511959"]
[PlyCount "67"]
[EventDate "2019.09.20"]
[Source "Live boards"]

{ Event information: <a
href="http://www.irlchess.com/standrews2019_allfiles/pairings_standrews2019.html">Tournament
report</a>. }

1. e4 e6 2. d4 d5 3. exd5 exd5 4. Bf4 Nf6 5. Bd3 Bd6 6. Bg3 Bg4 7. Ne2 Nc6
8. c3 h5 9. Bh4 Qd7 10. Bxf6 gxf6 11. Nd2 O-O-O 12. Nf1 Rhg8 13. Ne3 f5 14.
f3 f4 15. Nxd5 Qe6 16. Bc4 Qh6 17. fxg4 hxg4 18. Qd3 Na5 19. Bb3 Qh4+ 20.
Kd1 f3 21. gxf3 g3 22. f4 g2 23. Rg1 Nxb3 24. axb3 c6 25. Ne3 Qf2 26. Nf5
Bxf4 27. Ne7+ Kc7 28. Nxg8 Bxh2 29. Kc2 Bxg1 30. Rxg1 Re8 31. Qg3+ Qxg3 32.
Nxg3 Rxg8 33. Rxg2 f5 34. Rg1 1-0

[Event "St. Andrew's Masters 2019"]
[Site "Dublin IRL"]
[Date "2019.09.22"]
[Round "4.1"]
[White "Brady, Stephen"]
[Black "Daly, Colm"]
[Result "1/2-1/2"]
[WhiteTitle "FM"]
[BlackTitle "FM"]
[WhiteElo "2304"]
[BlackElo "2234"]
[WhiteICU "2281"]
[BlackICU "2212"]
[WhiteClub "St. Benildus"]
[BlackClub "Bray"]
[WhiteNationality "IRL"]
[BlackNationality "IRL"]
[WhiteFideId "2500124"]
[BlackFideId "2500434"]
[PlyCount "107"]
[EventDate "2019.09.20"]
[Source "Live boards"]

{ Event information: <a
href="http://www.irlchess.com/standrews2019_allfiles/pairings_standrews2019.html">Tournament
report</a>. }

1. e4 e6 2. d4 d5 3. exd5 exd5 4. Nf3 Nf6 5. Bd3 Bd6 6. O-O O-O 7. Nc3 c6
8. h3 Nbd7 9. Re1 Qc7 10. Bg5 b6 11. Nh4 Bh2+ 12. Kf1 Bf4 13. Bxf4 Qxf4 14.
g3 Qc7 15. Nf5 Bb7 16. Qd2 Rfe8 17. Qg5 g6 18. h4 Kh8 19. Nh6 Kg7 20. Kg2
Ng8 21. Nxg8 Kxg8 22. h5 Qd6 23. hxg6 hxg6 24. Ne2 Qf6 25. Qh6 Qg7 26. Qf4
Nf8 27. Qc7 Rab8 28. Nf4 Rec8 29. Qe5 Qxe5 30. Rxe5 Rc7 31. Rae1 Rd8 32.
Re7 Rxe7 33. Rxe7 Rd7 34. Re8 Kg7 35. Be2 Rc7 36. Bf3 Bc8 37. c3 Ne6 38.
Nxe6+ Bxe6 39. Rd8 Kf6 40. b4 Ke7 41. Ra8 Kd6 42. Rd8+ Ke7 43. Ra8 Kd6 44.
Rd8+ Bd7 45. Bg4 f5 46. Bd1 Rc8 47. Rxc8 Bxc8 48. f4 Ba6 49. Kh3 Ke6 50.
Kh4 Kf6 51. Ba4 b5 52. Bd1 Bc8 53. a4 a6 54. Bc2 1/2-1/2

[Event "St. Andrew's Masters 2019"]
[Site "Dublin IRL"]
[Date "2019.09.22"]
[Round "4.2"]
[White "Kanyamarala, Tarun"]
[Black "O'Gorman, Tom"]
[Result "1-0"]
[BlackTitle "FM"]
[WhiteElo "2229"]
[BlackElo "2208"]
[WhiteICU "2160"]
[BlackICU "2204"]
[WhiteClub "Balbriggan"]
[BlackClub "Dun Laoghaire"]
[WhiteNationality "IRL"]
[BlackNationality "IRL"]
[WhiteFideId "45004714"]
[BlackFideId "2508249"]
[PlyCount "93"]
[EventDate "2019.09.20"]
[Source "Live boards"]

{ Event information: <a
href="http://www.irlchess.com/standrews2019_allfiles/pairings_standrews2019.html">Tournament
report</a>. }

1. d4 Nf6 2. c4 g6 3. Nc3 Bg7 4. e4 d6 5. h3 O-O 6. Be3 e5 7. d5 Na6 8. g4
Nc5 9. f3 c6 10. Qd2 cxd5 11. cxd5 a6 12. b4 Ncd7 13. Rc1 Ne8 14. h4 f5 15.
gxf5 gxf5 16. exf5 Ndf6 17. h5 Bxf5 18. h6 Bh8 19. Bd3 e4 20. fxe4 Bg6 21.
Qg2 Nd7 22. Nf3 Rxf3 23. Qxf3 Ne5 24. Qe2 Nf6 25. Kd2 Nfg4 26. Bf4 Qb6 27.
Rhg1 Qxb4 28. Rxg4 Nxg4 29. Qxg4 Qb2+ 30. Kd1 Bxc3 31. e5 Bxe5 32. Bxg6
hxg6 33. Qe6+ Kh8 34. Rc8+ Rxc8 35. Qxc8+ Kh7 36. Qd7+ Kh8 37. Qe8+ Kh7 38.
Qe7+ Kg8 39. Bxe5 Qb1+ 40. Ke2 Qxa2+ 41. Ke3 Qb3+ 42. Kf4 dxe5+ 43. Qxe5
Qb4+ 44. Kg5 Qf8 45. Qe6+ Kh7 46. Qxg6+ Kh8 47. Qf6+ 1-0

[Event "St. Andrew's Masters 2019"]
[Site "Dublin IRL"]
[Date "2019.09.22"]
[Round "4.3"]
[White "O'Donnell, Conor"]
[Black "Flynn, Jacob"]
[Result "1-0"]
[WhiteTitle "FM"]
[WhiteElo "2321"]
[BlackElo "2018"]
[WhiteICU "2308"]
[BlackICU "2038"]
[WhiteClub "Gonzaga"]
[BlackClub "Malahide"]
[WhiteNationality "IRL"]
[BlackNationality "IRL"]
[WhiteFideId "2504243"]
[BlackFideId "2509393"]
[PlyCount "69"]
[EventDate "2019.09.20"]
[Source "Live boards"]

{ Event information: <a
href="http://www.irlchess.com/standrews2019_allfiles/pairings_standrews2019.html">Tournament
report</a>. }

1. Nf3 c5 2. e4 e6 3. d4 cxd4 4. Nxd4 a6 5. Bd3 Qc7 6. O-O Nf6 7. Qe2 d6 8.
c4 Be7 9. Nc3 b6 10. Be3 Bb7 11. f4 Nbd7 12. b4 b5 13. Rac1 bxc4 14. Bxc4
O-O 15. f5 e5 16. Nb3 Qb8 17. Qd3 Ng4 18. Bd5 Nxe3 19. Qxe3 Bd8 20. Qd3 Nf6
21. Bxb7 Qxb7 22. Qxd6 Be7 23. Qxe5 Bxb4 24. Nd5 Nxd5 25. exd5 Rfe8 26. Qd4
Rad8 27. Rcd1 a5 28. a4 Qd7 29. Nc5 Qa7 30. Ne4 Qd7 31. Rf4 Qxa4 32. Rg4 f6
33. Nxf6+ Kh8 34. Rxg7 $1 Kxg7 35. Ng4+ 1-0

[Event "St. Andrew's Masters 2019"]
[Site "Dublin IRL"]
[Date "2019.09.22"]
[Round "4.4"]
[White "Putar, Leon"]
[Black "Kanyamarala, Trisha"]
[Result "1/2-1/2"]
[WhiteElo "1744"]
[BlackElo "2138"]
[WhiteICU "1776"]
[BlackICU "2123"]
[BlackClub "Balbriggan"]
[WhiteNationality "IRL"]
[BlackNationality "IRL"]
[WhiteFideId "14546612"]
[BlackFideId "45004722"]
[PlyCount "155"]
[EventDate "2019.09.20"]
[Source "Live boards"]

{ Event information: <a
href="http://www.irlchess.com/standrews2019_allfiles/pairings_standrews2019.html">Tournament
report</a>. }

1. e4 c5 2. Nf3 d6 3. c3 Nf6 4. h3 Bd7 5. Bd3 Nc6 6. Bc2 g6 7. O-O Bg7 8.
Re1 O-O 9. d4 cxd4 10. cxd4 Ne8 11. Nc3 a6 12. Bg5 Nc7 13. Nd5 Re8 14. Nb6
Rb8 15. Be3 Na8 16. Nxa8 Rxa8 17. Bb3 Rf8 18. Rc1 Rc8 19. Qd2 b5 20. Bg5
Re8 21. Qf4 Rf8 22. e5 dxe5 23. dxe5 Na5 24. Rxc8 Bxc8 25. Rd1 Qc7 26. Rc1
Qb7 27. Bc2 Nc4 28. b3 Nb6 29. Be4 Qd7 30. Qe3 Nd5 31. Qd4 e6 32. Rd1 Bb7
33. Qd2 Qc7 34. Rc1 Qb8 35. Bh6 Qd8 36. Bxg7 Kxg7 37. Nh2 h5 38. Nf3 Qe7
39. Nd4 Rd8 40. Nc6 Bxc6 41. Rxc6 Qh4 42. Bxd5 Rxd5 43. Qe3 Qe7 44. Rxa6
Qc7 45. f4 Rc5 46. Rd6 Rc2 47. Qb6 Qc3 48. Qd8 Qe3+ 49. Kh1 Qxf4 50. Qf6+
Qxf6 51. exf6+ Kxf6 52. Rb6 Rxa2 53. Rxb5 e5 54. Kh2 h4 55. Rb7 Ke6 56. b4
f5 57. b5 f4 58. Kg1 e4 59. b6 Rb2 60. Rb8 Kf5 61. b7 Kg5 62. Kf1 e3 63.
Ke1 Rb3 64. Ke2 Rb2+ 65. Ke1 Rb3 66. Ke2 Rb1 67. Kd3 Rd1+ 68. Ke2 Rb1 69.
Kd3 Rd1+ 70. Ke2 Rd2+ 71. Kf1 Rb2 72. Ke1 Rb1+ 73. Ke2 Rb2+ 74. Kf1 Rf2+
75. Ke1 Rb2 76. Kf1 Rf2+ 77. Ke1 Rb2 78. Kf1 1/2-1/2

[Event "St. Andrew's Masters 2019"]
[Site "Dublin IRL"]
[Date "2019.09.22"]
[Round "4.5"]
[White "Haque, Muhtarim-Ul"]
[Black "Freeman, Gordon"]
[Result "1-0"]
[WhiteElo "2085"]
[BlackElo "2113"]
[WhiteICU "2077"]
[BlackICU "2083"]
[WhiteClub "Rathmines Juniors"]
[BlackClub "Gonzaga"]
[WhiteNationality "IRL"]
[BlackNationality "IRL"]
[WhiteFideId "2509415"]
[BlackFideId "2501309"]
[PlyCount "100"]
[EventDate "2019.09.20"]
[Source "Live boards"]

{ Event information: <a
href="http://www.irlchess.com/standrews2019_allfiles/pairings_standrews2019.html">Tournament
report</a>. }

1. d4 e6 2. c4 f5 3. Nf3 Nf6 4. e3 b6 5. Nc3 Bb4 6. Qc2 O-O 7. a3 Bxc3+ 8.
Qxc3 Bb7 9. b4 d6 10. Bd3 Ne4 11. Qc2 Nd7 12. Bb2 a5 13. O-O Ng5 14. Nd2
Nh3+ 15. Kh1 Qh4 16. f3 Nf2+ 17. Kg1 Nxd3 18. Qxd3 Nf6 19. Rf2 axb4 20.
axb4 Rxa1+ 21. Bxa1 Ne4 22. Re2 Nxd2 23. Qxd2 Ra8 24. Bb2 Qg5 25. d5 e5 26.
f4 Qe7 27. e4 fxe4 28. fxe5 dxe5 29. Rxe4 Rf8 30. Rxe5 Qf7 31. Qe2 Qg6 32.
h3 Qb1+ 33. Kh2 Qf1 34. Qg4 Qf4+ 35. Qg3 Ba6 36. Re7 Qxg3+ 37. Kxg3 Rf7 38.
Rxf7 Kxf7 39. b5 Bc8 40. Kf4 g6 41. g4 h5 42. Be5 hxg4 43. hxg4 Ke7 44.
Bxc7 Kd7 45. Bxb6 Kd6 46. Bd4 Bb7 47. Kg5 Bc8 48. b6 Ba6 49. Kf6 Bxc4 50.
Be5+ Kxd5 1-0

[Event "St. Andrew's Masters 2019"]
[Site "Dublin IRL"]
[Date "2019.09.22"]
[Round "4.6"]
[White "Healy, John"]
[Black "Peoples, Jonathon"]
[Result "1-0"]
[WhiteElo "1907"]
[BlackElo "1931"]
[WhiteICU "1841"]
[BlackICU "1834"]
[WhiteClub "St. Benildus"]
[BlackClub "U.C.D."]
[WhiteNationality "IRL"]
[BlackNationality "IRL"]
[WhiteFideId "2500965"]
[BlackFideId "2509520"]
[PlyCount "75"]
[EventDate "2019.09.20"]
[Source "Live boards"]

{ Event information: <a
href="http://www.irlchess.com/standrews2019_allfiles/pairings_standrews2019.html">Tournament
report</a>. }

1. e4 c5 2. Nc3 Nc6 3. Bb5 Nd4 4. Bc4 e6 5. d3 Ne7 6. Nge2 Nxe2 7. Qxe2 Nc6
8. O-O Be7 9. f4 a6 10. Be3 Nd4 11. Qf2 b5 12. Bb3 Nxb3 13. axb3 Qc7 14.
Nxb5 Qc6 15. Nc3 d5 16. Bd2 Bb7 17. exd5 exd5 18. Rae1 d4 19. Na4 Kf8 20.
Re2 h5 21. Rfe1 Bf6 22. Ba5 h4 23. h3 g5 24. Bb6 g4 25. Bxc5+ Kg8 26. Bxd4
gxh3 27. Bxf6 Qxf6 28. gxh3 Rh6 29. Kh2 Rg6 30. Rg1 Rxg1 31. Kxg1 Kh7 32.
Kf1 Rg8 33. Ke1 Rg2 34. Qe3 Qg6 35. Nc5 Rg3 36. Qe7 Bf3 37. Qxh4+ Kg7 38.
Re5 1-0

[Event "St. Andrew's Masters 2019"]
[Site "Dublin IRL"]
[Date "2019.09.22"]
[Round "4.7"]
[White "Scallan, Fiachra"]
[Black "Moran, Darragh"]
[Result "1-0"]
[WhiteElo "1818"]
[BlackElo "1888"]
[WhiteICU "1850"]
[BlackICU "1860"]
[WhiteClub "Rathmines Juniors"]
[BlackClub "Gonzaga"]
[WhiteNationality "IRL"]
[BlackNationality "IRL"]
[WhiteFideId "2507528"]
[BlackFideId "2510294"]
[PlyCount "57"]
[EventDate "2019.09.20"]
[Source "Live boards"]

{ Event information: <a
href="http://www.irlchess.com/standrews2019_allfiles/pairings_standrews2019.html">Tournament
report</a>. }

1. b3 d5 2. Bb2 Nf6 3. e3 Bg4 4. Be2 Bxe2 5. Qxe2 c6 6. f4 e6 7. Nf3 Nbd7
8. O-O Be7 9. d3 O-O 10. Nbd2 Rc8 11. h3 Ne8 12. e4 dxe4 13. dxe4 Bf6 14.
e5 Be7 15. Rad1 Qb6+ 16. Bd4 Bc5 17. Nc4 Bxd4+ 18. Rxd4 Qc7 19. Ng5 Nb6 20.
Qd3 g6 21. Nxb6 Qxb6 22. Kh1 Nc7 23. Rd7 Na6 24. Qg3 Rcd8 25. Qh4 h5 26.
Re7 Qb4 27. Nxe6 fxe6 28. Qg5 Qe4 29. f5 1-0